Titled People Quiz #1 - Statistics

General Stats
  • This quiz has been taken 45,858 times
    34,035 since last reset
  • The average score is 15 of 27
Answer Stats
Person % Correct
{Mother} Teresa
99%
{President} Obama
94%
{Mrs}. Doubtfire
92%
{Lord} Voldemort
89%
{Queen} Latifah
86%
{Sir} Mix-a-Lot
85%
{King} Wenceslas
78%
{Father} Christmas
73%
{Princess} Zelda
66%
{Archduke} Franz Ferdinand
56%
{Dr}. Kevorkian
56%
{Chairman} Mao
53%
{Kaiser} Wilhelm II
53%
{Captain} Kangaroo
47%
{Mayor} Giuliani
47%
{Chief} Wiggum
44%
{Sergeant} Bilko
41%
{Don} Giovanni
39%
{Count} Basie
37%
{Reverend} Al Sharpton
36%
{Colonel} Klink
34%
{Nurse} Ratched
33%
{Lieutenant} Worf
32%
{Admiral} Nimitz
30%
{Private} Pyle
29%
{Cardinal} Wolsey
25%
{Judge} Wapner
21%
No matching quizzes found
Score Distribution
Percent of People with Each Score
Percentile by Number Answered
Your Score History
You have not taken this quiz since the last reset